A landlord in distress (Record no. 68395)
[ view plain ]
| 000 -LEADER | |
|---|---|
| fixed length control field | 01248cam a2200229 4500 |
| 001 - CONTROL NUMBER | |
| control field | ABS64559 |
| 008 - FIXED-LENGTH DATA ELEMENTS--GENERAL INFORMATION | |
| fixed length control field | 010926n2001 000 0 eng u |
| 035 ## - SYSTEM CONTROL NUMBER | |
| System control number | (Sirsi) u114865 |
| 100 ## - MAIN ENTRY--PERSONAL NAME | |
| Personal name | Watson, V. |
| 245 #2 - TITLE STATEMENT | |
| Title | A landlord in distress |
| 260 ## - PUBLICATION, DISTRIBUTION, ETC. | |
| Date of publication, distribution, etc. | 2001 |
| 490 ## - SERIES STATEMENT | |
| Series statement | CSM (Chartered Surveyor Monthly) |
| Volume/sequential designation | September 2001, 35(1) |
| 520 ## - SUMMARY, ETC. | |
| Summary, etc. | If a tenant is in arrears of rent, the common law remedy of distress may permit a landlord to enter premises, remove the tenant's goods, sell them and retain any proceeds to recoup the arrears. Discusses the case of "Fuller v Happy Shopper Markets", which shows that today distress is not necessarily the trouble-free self-help remedy for landlords that has been used so often in the past. The judge's ruling suggests today's courts are ready to entertain a tenant's argument that distress has been levied unlawfully. Also discusses the Lord Chancellor's 'Distress for rent' consultation paper, which outlines proposals for reform of this feudal right. |
| 590 ## - LOCAL NOTE (RLIN) | |
| Local note | ABS |
| 650 ## - SUBJECT ADDED ENTRY--TOPICAL TERM | |
| Topical term or geographic name entry element | DISTRESS FOR RENT |
| 650 ## - SUBJECT ADDED ENTRY--TOPICAL TERM | |
| Topical term or geographic name entry element | FULLER V HAPPY SHOPPER MARKETS |
| 650 ## - SUBJECT ADDED ENTRY--TOPICAL TERM | |
| Topical term or geographic name entry element | RENT ARREARS |
| 650 ## - SUBJECT ADDED ENTRY--TOPICAL TERM | |
| Topical term or geographic name entry element | CONSULTATION PAPER |
| 690 ## - LOCAL SUBJECT ADDED ENTRY--TOPICAL TERM (OCLC, RLIN) | |
| Topical term or geographic name as entry element | PROPERTY-LANDLORD AND TENANT |
| 700 ## - ADDED ENTRY--PERSONAL NAME | |
| Personal name | Sarabia, L. |
| 942 ## - ADDED ENTRY ELEMENTS (KOHA) | |
| Suppress in OPAC | 0 |
| Withdrawn status | Lost status | Source of classification or shelving scheme | Damaged status | Not for loan | Home library | Current library | Shelving location | Date acquired | Total Checkouts | Full call number | Barcode | Date last seen | Copy number | Price effective from | Koha item type |
|---|---|---|---|---|---|---|---|---|---|---|---|---|---|---|---|
| Dewey Decimal Classification | London | London | Journal article | 26/09/2001 | ABS64559 | 114865-1001 | 06/08/2019 | 1 | 06/08/2019 | Journal article |